Los albores de la Historia /

Guardado en:
Autor Corporativo: Educable.
Formato: Deslizar
Series:La tradición de Occidente
Materias:
Etiquetas: Agregar Etiqueta
Sin Etiquetas, Sea el primero en etiquetar este registro!
LEADER 00946ngm a22002775g 4500
001 CEM.cems022452
008 130507b2000##################0###0#####d
005 20241104150745.0
245 1 0 |a Los albores de la Historia /  |c Educable. 
300 |a 27'. 
490 0 |a La tradición de Occidente 
500 |a En soporte VHS, consultar en ventanilla. 
505 0 |a Los orígenes de la humanidad. Los primeros hombres prehistóricos. Los homínidos: evolución. Invención del fuego. Pinturas rupestres. 
538 |a Soporte: VHS - Norma: Pal N - Color: Si - Grabación DRD 2000 - Hitachi=5015. 
110 2 |a Educable. 
082 9 4 |/ ERA 
653 |a HISTORIA 
653 |a HUMANIDAD 
653 |a HOMBRE PRIMITIVO 
653 |a PREHISTORIA 
653 |a HOMINIDOS 
653 |a RUPESTRE 
653 |a FUEGO 
653 |a NIVEL PRIMARIO 
653 |a NIVEL SECUNDARIO 
859 |a CEMS  |b BIB. CEMS - Depto. Recursos Didacticos  |h 940  |i ERA  |k DRD  |p 1095.12  |t Ej.1